000 00918cab a2200253 4500
001 ABS59767
008 090401t1998 xxu||||| |||| 00| 0 eng d
035 _a(Sirsi) u90145
041 _aeng
100 _aRichbell, D.
245 _aConstruction industry leads in the field of alternative dispute resolution
260 _c1998
350 _a0
490 _aASI Journal
_v10(4) December 1998, 12-13(2)
520 _aDiscusses the aims of the Task Force set up by the Deputy Prime Minister to examine productivity efficiency in the construction industry. Looks at models for new business relationships to change the way the industry deals with conflict negotiation.
650 _aALTERNATIVE DISPUTE RESOLUTION
650 _aCEDR
650 _aCONFLICT RESOLUTION
650 _aMEDIATION
650 _aNEGOTIATION
690 _aBUILDING AND CONSTRUCTION-ECONOMICS
942 _n0
948 _c04/12/1998
999 _c57106
_d57106